Responses for Show #3459 - Thursday, September 23, 1999

Contestants

[<< previous game]

Spencer Kane, a morning show radio producer from Portland, Oregon

Michele Mohr, a college professor from Berwyn, Illinois

Dylan McKenna, an actor from Los Angeles, California (whose 1-day cash winnings total $8,300)

[next game >>]

Jeopardy! Round responses

WAY BACK WHEN
TELEVISION
LITERATI
LETTER PERFECT HOMOPHONES
(Alex: The correct response in each case will be a homophone of a letter of the alphabet.)
NOTE-ABLE WOMEN
ON THE DELI TRAY
    $100 1
(Michele: What is cuneiform?)
[Originally ruled incorrect]
...
(Alex: [After the first break] Michele, we're going to accept your response of cuneiform for [*].)

hieroglyphics

DylanMichele
    $100 4
Dharma & Greg

Spencer
    $100 9
money

Dylan
    $100 14
sea

Dylan
    $100 19
Sinead O'Connor

Dylan
    $100 24
ranch

Dylan
    $200 2
Judah

Triple Stumper
    $200 5
Walker, Texas Ranger

Dylan
    $200 10
gifts

Dylan
    $200 15
cue

Spencer
    $200 20
Hilary & Jackie

Spencer
    $200 25
(Alex: Minute to go.)

melon

Michele
    $300 3
Gaul

Triple Stumper
    $300 6
Designing Women

Spencer
    $300 11
(Michele: What is Madame Butterfly?)
(Spencer: What is M. Butterfly?)

The Mikado

MicheleSpencer
Triple Stumper
    $300 16
gee

Dylan
    $300 21
Jean Stapleton

Triple Stumper
    $300 26
Monterey Jack

Dylan
    $400 28
a navigator

Triple Stumper
    $400 7
The Mary Tyler Moore Show

Spencer
    $400 12
Victor Hugo

Spencer
    $400 17
eye

Dylan
    $400 22
Japan

Spencer
    $400 27
pastrami

Triple Stumper
    $700 29
(Dylan: I do not know.)
[The end-of-round signal sounds.]

Plutarch

Dylan
    $500 8
Newhart

Dylan
    $500 13
"Barefoot Boy"

Triple Stumper
    $500 18
pea

Triple Stumper
    $500 23
Elmer Gantry

Triple Stumper

Scores at the first commercial break (after clue 13):

Dylan Michele Spencer
$1,100 -$200 $900

Scores at the end of the Jeopardy! Round:

Dylan Michele Spencer
$1,700 $0 $1,700

Double Jeopardy! Round responses

NEW DEAL ALPHABET
AWARDS
POPULAR CLASSICAL MUSIC
MILITARY MOVIES
TOMB WITH A VIEW
THE P IS SILENT
    $200 11
Tennessee Valley Authority

Dylan
    $200 6
Mexico

Spencer
    $200 1
John Wayne

Dylan
    $200 21
(Dylan: What is Monticello?)

Mount Vernon

DylanSpencer
    $200 16
pseudo

Spencer
    $400 12
Federal Housing Authority (or Federal Housing Administration)

Michele
    $400 7
Amazon.com

Spencer
    $400 2
Wag the Dog

Michele
    $400 22
Marilyn Monroe

Spencer
    $400 17
psi

Dylan
    $600 13
Securities and Exchange Commission

Dylan
    $600 8
Clint Eastwood

Dylan
    $600 28
[The end-of-round signal sounds.]

"New World Symphony"

Triple Stumper
    $600 3
Mulan

Michele
    $600 23
(Michele: Who is Gandhi?)
...
(Alex: With less than a minute to go.)

the Taj Mahal

Michele
Triple Stumper
    $600 18
a coup

Triple Stumper
    $800 14
National Labor Relations Board

Dylan
    $800 9
(Michele: What are news stories?)
(Dylan: What is reporting?)

photography

DylanMichele
Triple Stumper
    $800 26
"The Air on the G String"

Triple Stumper
    $800 4
Stripes

Dylan
    $1,500 24
(Spencer: Who is Napoleon?)

Jules Verne

Spencer
    $800 19
psoriasis

Dylan
    $1000 15
Civilian Conservation Corps

Michele
    $1000 10
John Wooden

Dylan
    $1000 27
Prague

Triple Stumper
    $700 5
the Tuskegee Airmen

Dylan
    $1000 25
Isis

Triple Stumper
    $1000 20
a pneumatic drill

Dylan

Scores at the end of the Double Jeopardy! Round:

Dylan Michele Spencer
$7,800 $1,000 $1,600
(lock game)

[wagering suggestions for these scores]

Final Jeopardy! Round responses

19th CENTURY AMERICA
MicheleWho is Stephen Douglas
$1,000
SpencerWho is Van Buren?
$401
DylanWho was Washington
$1,200
Stephen Douglas

Final scores:

Dylan Michele Spencer
$6,600 $2,000 $1,199
2-day champion: $14,900 2nd place: Hewlett-Packard HP Pavilion Multimedia Desktop PC & Broyhill Computer Home Office Cabinet 3rd place: Samsung Maxima Zoom 145 Compact Camera

Game dynamics:

Coryat scores:

Dylan Michele Spencer
$8,800 $1,000 $3,100
22 R
(including 1 DD),
3 W
(including 1 DD)
6 R,
3 W
12 R,
2 W
(including 1 DD)

Combined Coryat: $12,900

[game clues] [game scores] [suggest correction]

Game tape date: 1999-07-14
The J! Archive is created by fans, for fans. Scraping, republication, monetization, and malicious use prohibited; this site may use cookies and collect identifying information. See terms. The Jeopardy! game show and all elements thereof, including but not limited to copyright and trademark thereto, are the property of Jeopardy Productions, Inc. and are protected under law. This website is not affiliated with, sponsored by, or operated by Jeopardy Productions, Inc. Join the discussion at JBoard.tv.